| 000 | 00509nam a22001937a 4500 | ||
|---|---|---|---|
| 001 | 00028488 | ||
| 005 | 20260307083123.0 | ||
| 008 | 260307b ag ||||| |||| 00| 0 spa d | ||
| 020 | _a9789875169347 | ||
| 040 |
_bspa _cAR-CcCEOS |
||
| 080 | _a372.4 | ||
| 090 | _bENC | ||
| 245 |
_aEnciclopedia temática : _bNivel Inicial y Primer Ciclo |
||
| 250 | _a7a ed. | ||
| 260 |
_aBuenos Aires : _bRuy Díaz, _c2012. |
||
| 300 |
_a640 p. ; _c28x20 cm. |
||
| 650 | 0 | _aenciclopedia temática | |
| 942 |
_2udc _cBK |
||
| 999 |
_c28517 _d28517 |
||
| 945 |
_a66467 _bMelina Rolando _c66467 _dMelina Rolando |
||